logo

Bir Sreshtho Munshi Abdur Rouf Library
Jhenaidah Cadet College

Music : 1945-1950 / (Record no. 8143)

MARC details
000 -LEADER
fixed length control field 00833cam a22002771 4500
001 - CONTROL NUMBER
JCCL Control Number 8143
003 - CONTROL NUMBER IDENTIFIER
JCCL marc code BD-JhCC
005 - DATE AND TIME OF LATEST TRANSACTION
control field 20180709120207.0
008 - FIXED-LENGTH DATA ELEMENTS--GENERAL INFORMATION
fixed length control field 780705s1951 enka 000 0 eng
035 ## - SYSTEM CONTROL NUMBER
system control number (BD-JhCC)8143
035 ## - SYSTEM CONTROL NUMBER
system control number (OCoLC)4024483
040 ## - CATALOGING SOURCE
Original cataloging agency DLC
Transcribing agency ScU
Modifying agency Uk
-- DLC
-- BD-JhCC
041 ## - LANGUAGE CODE
Language code of Book eng
050 00 - LIBRARY OF CONGRESS CALL NUMBER
Classification number ML285.5
Item number .H7
082 ## - DEWEY DECIMAL CLASSIFICATION NUMBER
Classification number 780.942
Author mark and Year HOW 1951
100 1# - MAIN ENTRY--PERSONAL NAME
Personal name Howes, Frank Stewart,
Dates associated with a name 1891-1974.
245 10 - TITLE STATEMENT
Title Music : 1945-1950 /
Statement of responsibility, etc Frank Howes
260 ## - PUBLICATION, DISTRIBUTION, ETC. (IMPRINT)
Place of publication, distribution, etc London,
-- New York,
Name of publisher, distributor, etc Published for the British Council by Longmans Green
Date of publication, distribution, etc [1951]
300 ## - PHYSICAL DESCRIPTION
Pagination 55 p.
Other physical details illus.
Dimensions 21 cm.
440 #4 -
Title The Arts in Britain
500 ## - GENERAL NOTE
General note "Gramophone records" : p. 47-55.
650 #0 - SUBJECT ADDED ENTRY--TOPICAL TERM
Topical term or geographic name as entry element Music
Geographic subdivision Great Britain
General subdivision History and criticism
650 #0 - SUBJECT ADDED ENTRY--TOPICAL TERM
Topical term or geographic name as entry element Music
Geographic subdivision Great Britain
Form subdivision Discography
942 ## - ADDED ENTRY ELEMENTS (KOHA)
Source of classification or shelving scheme Dewey Decimal Classification
Koha item type Books
Holdings
Source of classification or shelving scheme Damaged status Not for loan Home library Current library Shelving location Total Checkouts Full call number Barcode Date last seen Copy number Koha item type
Dewey Decimal Classification     JCC Rouf Library JCC Rouf Library General Stacks   780.942 HOW 1951 10666 02/19/2018 C - 1 Books

JCC Library | Contacts | JCC Home

Last Update on 23 September 2017
Copyright @ 2017-2020 JCC Rouf Library
Rouf Library, Jhenidah Cadet College (JCC), Bangladesh